| 000 | 00546nam a2200229Ia 4500 | ||
|---|---|---|---|
| 008 | 171025s9999 xx 000 0 und d | ||
| 020 | _a188427028X | ||
| 050 | _a30 | ||
| 050 | _bT672 2007 | ||
| 100 | _aToor, Atif | ||
| 245 | _a3D world of weird / | ||
| 245 | _cby Atif Toor. | ||
| 260 | _aUSA : | ||
| 260 | _bNancy Hall, | ||
| 260 | _c2004 | ||
| 300 | _a41 pages : | ||
| 300 | _bcolor illustrations ; | ||
| 300 | _c25cm. | ||
| 650 | _aCuriosities and wonders. | ||
| 700 | _aTitle : Three D world of weird / | ||
| 700 | _aTitle. | ||
| 999 |
_c344625 _d344625 |
||